Retirement planning decisions: choices between defined and defined contribution plans (Record no. 509904)

000 -LEADER
fixed length control field 01705nam a2200169 4500
008 - FIXED-LENGTH DATA ELEMENTS--GENERAL INFORMATION
fixed length control field 190701b ||||| |||| 00| 0 eng d
100 ## - MAIN ENTRY--PERSONAL NAME
Personal name Ali, Bruns Susannah
245 ## - TITLE STATEMENT
Title Retirement planning decisions: choices between defined and defined contribution plans
260 ## - PUBLICATION, DISTRIBUTION, ETC. (IMPRINT)
Date of publication, distribution, etc 2019
300 ## - PHYSICAL DESCRIPTION
Extent p.218-235.
520 ## - SUMMARY, ETC.
Summary, etc As states move toward offering defined contribution retirement plans as an alternative or addition to traditional defined benefit pensions, they need to consider the preferences and long-term consequences for different groups of employees. This study looks at which plan employees choose when given the option of either a defined contribution or defined benefit plan. The strongest driver of that choice is education level where the most educated prefer defined contribution plans and the least educated stay in defined benefit plans. A unique contribution of this study is that we include region of origin as a study and determine that cultural differences influence plan selection. The study also explores the role of sex, age, and tenure. Challenging other studies on financial planning, these findings indicate that sex and age are not significant factors. This research was conducted using data from more than 4,000 employees from Florida International University and an interview with HR professionals. By understanding retirement preferences in a more nuanced way, we can better craft our approaches to retirement security and financial literacy training in public sector organizations. - Reproduced.
650 ## - SUBJECT ADDED ENTRY--TOPICAL TERM
Topical term or geographic name as entry element Pensions
9 (RLIN) 6702
700 ## - ADDED ENTRY--PERSONAL NAME
Personal name Frank, Howard A.
9 (RLIN) 6703
773 ## - HOST ITEM ENTRY
Main entry heading American Review of Public Administration
906 ## - LOCAL DATA ELEMENT F, LDF (RLIN)
Subject DIP Retirement
942 ## - ADDED ENTRY ELEMENTS (KOHA)
Source of classification or shelving scheme
Item type Articles
Holdings
Withdrawn status Lost status Source of classification or shelving scheme Damaged status Not for loan Permanent location Current location Date acquired Serial Enumeration / chronology Barcode Date last seen Koha item type
          Indian Institute of Public Administration Indian Institute of Public Administration 2019-07-01 49(2), Feb, 2019: p.218-235. AR120005 2019-07-01 Articles

Powered by Koha